|
|
|
|
| LEADER |
00000nas a2200000 a 4500 |
| 001 |
ssj0012041 |
| 003 |
WaSeSS |
| 005 |
20200512172242.0 |
| 006 |
m d |
| 007 |
cr n |
| 008 |
891117c19909999vauqx p s 0 a0eng c |
| 010 |
|
|
|a 90640968
|z sn 89002549
|
| 016 |
|
|
|a (AMICUS)000009516300
|
| 016 |
7 |
|
|a 9011800
|2 DNLM
|
| 016 |
7 |
|
|a SR0067915
|2 DNLM
|
| 016 |
7 |
|
|a 009207068
|2 Uk
|
| 016 |
7 |
|
|a 9011800
|2 DNLM
|
| 016 |
7 |
|
|a SR0067915
|2 DNLM
|
| 016 |
7 |
|
|a 009207068
|2 Uk
|
| 022 |
|
|
|l 1047-3149
|y 1047-3149
|
| 030 |
|
|
|a HMAGFG
|
| 032 |
|
|
|a 428560
|b USPS
|
| 035 |
|
|
|a (WaSeSS)ssj0012041
|
| 037 |
|
|
|b Society for Human Resource Management, Circulation Dept., 1800 Duke St., Alexandria, VA 22314
|c $70.00
|
| 040 |
|
|
|a NSD
|b eng
|c NSD
|d NYG
|d HUL
|d WAU
|d DLC
|d NSD
|d IUL
|d COO
|d AGL
|d NLM
|d NSD
|d MYG
|d NST
|d NSD
|d DLC
|d NLM
|d DLC
|d IUL
|d CAS
|d OCL
|d IUL
|d OCL
|d MUQ
|d LYU
|d OCLCQ
|d MOF
|d UKMGB
|d OCLCQ
|d OCLCF
|d BEDGE
|d OCLCO
|d TJC
|d NBD
|d OCLCQ
|d OCLCO
|d RDF
|d OCLCO
|d OCLCQ
|d CDS
|d GRR
|d OCLCO
|d T5N
|d LIP
|d OCLCO
|d OCLCA
|d NLC
|d OCLCA
|d AU@
|d VNS
|d LND
|d UKBTH
|d OCLCQ
|d WaSeSS
|
| 042 |
|
|
|a nsdp
|a pcc
|
| 050 |
0 |
0 |
|a HF5549.A2
|b P39
|
| 060 |
0 |
0 |
|a W1
|b HR817
|
| 070 |
0 |
|
|a HF5549.A2P47
|
| 072 |
|
0 |
|a X700
|
| 082 |
1 |
0 |
|a 658
|2 11
|
| 210 |
0 |
|
|a HRMagazine
|b (Alex. Va.)
|
| 222 |
|
0 |
|a HRMagazine
|b (Alexandria, Va.)
|
| 245 |
0 |
0 |
|a HRMagazine
|h [electronic resource].
|
| 246 |
3 |
|
|a Human resource magazine
|
| 246 |
1 |
|
|i Issues for Jan. 1999- have title:
|a HR magazine
|
| 246 |
3 |
|
|a Human resources management magazine
|
| 246 |
3 |
|
|a HRM magazine
|
| 260 |
|
|
|a Alexandria, VA :
|b Society for Human Resource Management,
|c ©1990-
|
| 310 |
|
|
|a Quarterly,
|b 2019-
|
| 321 |
|
|
|a Monthly,
|b 1990-
|
| 321 |
|
|
|a Monthly (except twice in Oct.),
|b <1999->
|
| 321 |
|
|
|a Ten times a year,
|b <June 2015->
|
| 362 |
0 |
|
|a Vol. 35, no. 1 (Jan. 1990)-
|
| 500 |
|
|
|a Title from cover.
|
| 506 |
|
|
|a License restrictions may limit access.
|
| 588 |
|
|
|a Latest issue consulted: Vol. 64, no. 1 (spring 2019).
|
| 650 |
|
0 |
|a Personnel management
|v Periodicals.
|
| 650 |
|
6 |
|a Personnel
|x Direction
|v Périodiques.
|
| 650 |
|
7 |
|a Mensuels.
|2 eclas
|
| 650 |
|
7 |
|a Gestion du personnel.
|2 eclas
|
| 650 |
|
7 |
|a Ressources humaines.
|2 eclas
|
| 650 |
|
7 |
|a Personnel management.
|2 fast
|0 (OCoLC)fst01058797
|
| 650 |
|
2 |
|a Personnel Management.
|
| 650 |
|
7 |
|a HW_HRM.
|2 less
|
| 653 |
|
|
|a Journal.
|
| 655 |
|
0 |
|a Electronic journals.
|
| 710 |
2 |
|
|a Society for Human Resource Management (U.S.)
|
| 770 |
0 |
|
|t Who's who in HR
|x 1047-3130
|w (DLC)sn 89002548
|w (OCoLC)20665286
|
| 770 |
0 |
|
|a Society for Human Resources Management (U.S.).
|t Annual report
|w (DLC)sn 96034440
|w (OCoLC)34983652
|
| 780 |
0 |
0 |
|t Personnel administrator
|x 0031-5729
|w (DLC) 63032247
|w (OCoLC)1762122
|
| 850 |
|
|
|a AAP
|a AU
|a AzTeS
|a C
|a CPT
|a CU-I
|a CaOOL
|a CoFS
|a CoU
|a DGW
|a DLC
|a DNAL
|a DNLM
|a DeU
|a GASU
|a ICarbS
|a IaAS
|a IaU
|a In
|a InLP
|a InU
|a KMK
|a KPT
|a LU
|a MBU
|a MCM
|a MH-BA
|a MdBJ
|a MdU
|a MiDW
|a MiEM
|a MoSU
|a MoU
|a N
|a NBuU
|a NIC
|a NN
|a NNC
|a NSyU
|a NcRS
|a NcU
|a NcWsW
|a NjP
|a NjR
|a NmU
|a NvU
|a OC
|a OCU
|a OU
|a OrCS
|a PPD
|a PPiD
|a PU-W
|a TU
|a ULA
|a ViBlbV
|a ViU
|a ViW
|a WaU
|a WvU
|
| 853 |
2 |
0 |
|8 1
|a v.
|b no.
|u 12
|v r
|i (year)
|j (month)
|w m
|x 01
|
| 853 |
2 |
0 |
|8 2
|a v.
|b no.
|u 10
|v r
|i (year)
|j (month)
|w m
|x 01/02
|y cm01/02,07/08,12/01
|
| 853 |
2 |
0 |
|8 3
|a v.
|b no.
|u 10
|v r
|i (year)
|j (month)
|w m
|x 02
|
| 856 |
4 |
0 |
|z Full text available from Research Library: 01/01/1991 to present
|u https://search.proquest.com/publication/35076
|
| 863 |
4 |
0 |
|8 1.1
|a <45>-59
|b <1>-12
|i <2000>-2014
|j <01>-12
|
| 863 |
4 |
0 |
|8 2.1
|a 60-60
|b 1-10
|i 2015-2015/2016
|j 01/02-12/01
|
| 863 |
4 |
1 |
|8 3.1
|a 61
|b 1
|i 2017
|j 02
|